[Event "Addison Open G/45"]
[Site "San Francisco"]
[Date "2005.06.25"]
[Round "3"]
[White "Shah, Arnav"]
[Black "Celis, Christian"]
[Result "1-0"]
[WhiteElo "1774"]
[BlackElo "1512"]
[PlyCount "51"]
[EventDate "2005.06.25"]
[EventType "swiss (rapid)"]
[EventRounds "5"]
[EventCountry "USA"]

1. e4 c5 2. Nf3 Nc6 3. d4 cxd4 4. Nxd4 Nf6 5. Nc3 e6 6. Nxc6 bxc6 7. e5 Nd5 8.
Ne4 d6 9. c4 Nb6 10. exd6 f5 11. Bg5 Qd7 12. Qh5+ Qf7 13. Qxf7+ Kxf7 14. c5
fxe4 15. cxb6 Bxd6 16. bxa7 Rxa7 17. Bc4 Be5 18. Rb1 Ba6 19. Bxa6 Rxa6 20. O-O
Rxa2 21. b4 Bd4 22. Rfc1 Kg6 23. Be7 Re8 24. Bd6 Rc8 25. b5 c5 26. b6 {
remainder illegible; W won in a few more moves} 1-0

[Event "Addison Open G/45"]
[Site "San Francisco"]
[Date "2005.06.25"]
[Round "3"]
[White "Yap, Nicolas"]
[Black "Shankland, Sam"]
[Result "1-0"]
[WhiteElo "2274"]
[BlackElo "1959"]
[PlyCount "77"]
[EventDate "2005.06.25"]
[EventType "swiss (rapid)"]
[EventRounds "5"]
[EventCountry "USA"]

1. e4 c5 2. Nf3 d6 3. d4 cxd4 4. Nxd4 Nf6 5. Nc3 g6 6. Be3 Bg7 7. f3 O-O 8. Qd2
Nc6 9. Bc4 Bd7 10. h4 h5 11. O-O-O Rc8 12. Bb3 Ne5 13. Kb1 Nc4 14. Bxc4 Rxc4
15. Nde2 b5 16. Bh6 b4 17. Bxg7 Kxg7 18. Nd5 Nxd5 19. Qxd5 Be6 20. Qg5 Rc5 21.
Qe3 Qa5 22. b3 Rfc8 23. Rd2 R8c6 24. Rg1 Kh7 25. g4 Qa3 26. gxh5 Ra6 27. hxg6+
fxg6 28. Nc1 Bf7 29. Rg5 Rc3 30. Qg1 Bxb3 31. cxb3 Rac6 32. Nd3 Rxb3+ 33. axb3
Qxb3+ 34. Nb2 Ra6 35. Qd4 Qa2+ 36. Kc2 Rc6+ 37. Kd3 Rc1 38. Ke2 Qb1 39. Nd1 1-0

[Event "Addison Open G/45"]
[Site "San Francisco"]
[Date "2005.06.25"]
[Round "4"]
[White "Celis, Christian"]
[Black "Chillakanti, Kartik"]
[Result "0-1"]
[WhiteElo "1512"]
[BlackElo "1339"]
[PlyCount "40"]
[EventDate "2005.06.25"]
[EventType "swiss (rapid)"]
[EventRounds "5"]
[EventCountry "USA"]

1. e4 e6 2. d4 d5 3. Nc3 Bb4 4. e5 c5 5. Nf3 Nc6 6. Be2 cxd4 7. Nxd4 Bxc3+ 8.
bxc3 Nxe5 9. O-O Nf6 10. Ba3 Ne4 11. Qe1 a6 12. f3 Nd6 13. Kh1 O-O 14. f4 Nc6
15. Bd3 Re8 16. Rd1 Nxd4 17. cxd4 b5 18. Rf3 Bb7 19. Qe5 Nc4 20. Qe2 Nxa3 0-1

[Event "Addison Open G/45"]
[Site "San Francisco"]
[Date "2005.06.25"]
[Round "4"]
[White "Liou, Arthur"]
[Black "Parker, Harold"]
[Result "0-1"]
[WhiteElo "1312"]
[BlackElo "1569"]
[PlyCount "39"]
[EventDate "2005.06.25"]
[EventType "swiss (rapid)"]
[EventRounds "5"]
[EventCountry "USA"]

1. e4 e5 2. Nf3 Nc6 3. Bb5 a6 4. Ba4 Nf6 5. O-O Be7 6. d3 b5 7. Bb3 d5 8. exd5
Nxd5 9. Re1 O-O 10. Nxe5 Nxe5 11. Rxe5 c6 12. c4 Bd6 13. Re1 Nf4 14. Bxf4 Bxf4
15. cxb5 axb5 16. Qf3 Qd6 17. h3 Bb7 18. Nc3 Qc7 19. Qe2 Qd6 20. Bc2 {
remainder illegible} 0-1

[Event "Addison Open G/45"]
[Site "San Francisco"]
[Date "2005.06.25"]
[Round "4"]
[White "Luke, Gary"]
[Black "Odondoo, IM Ganbold"]
[Result "0-1"]
[WhiteElo "1845"]
[BlackElo "2425"]
[PlyCount "76"]
[EventDate "2005.06.25"]
[EventType "swiss (rapid)"]
[EventRounds "5"]
[EventCountry "USA"]

1. e4 e5 2. f4 exf4 3. Nf3 d6 4. Bc4 Nc6 5. O-O g5 6. d4 Bg7 7. c3 h6 8. b4 Nf6
9. Qc2 O-O 10. b5 Ne7 11. e5 Bf5 12. Qe2 Nfd5 13. h3 dxe5 14. Nxe5 Nxc3 15.
Nxc3 Qxd4+ 16. Kh1 Qxe5 17. Bb2 Qxe2 18. Bxe2 Rad8 19. Rad1 Bc2 20. Rxd8 Rxd8
21. Bf3 b6 22. Rf2 Bf5 23. Re2 Be6 24. Rc2 Nf5 25. Ne4 Ne3 26. Bf6 Rd7 27. Rb2
Bf5 28. Bxg7 Kxg7 29. Nc3 Rd3 30. Rb3 Be6 31. Ra3 Nc4 32. Be2 Re3 33. Rb3 Ne5
34. Ra3 f3 35. gxf3 Nxf3 36. Kg2 Nd4 37. Kf2 Rxh3 38. Bd1 g4 {W time exp} 0-1

[Event "Addison Open G/45"]
[Site "San Francisco"]
[Date "2005.06.25"]
[Round "4"]
[White "Nip, Nicholas"]
[Black "Chan, John"]
[Result "0-1"]
[WhiteElo "1351"]
[BlackElo "1605"]
[PlyCount "74"]
[EventDate "2005.06.25"]
[EventType "swiss (rapid)"]
[EventRounds "5"]
[EventCountry "USA"]

1. d4 Nf6 2. c4 d6 3. Nc3 c6 4. Nf3 g6 5. Bg5 Nbd7 6. e4 h6 7. Bh4 Bg7 8. Bd3
g5 9. Bg3 Qb6 10. Qc2 g4 11. Nh4 Nh5 12. d5 Nxg3 13. hxg3 Ne5 14. Be2 h5 15.
O-O Bd7 16. b3 Bf6 17. Na4 Qc7 18. Rac1 c5 19. Nb2 a5 20. Nd3 O-O-O 21. Nxe5
Bxe5 22. Rfd1 Bf6 23. Bd3 Kb8 24. a3 Rc8 25. Qd2 Rcg8 26. b4 Bg5 27. Qc3 Bxc1
28. Rxc1 a4 29. b5 b6 30. Bc2 Qa7 31. e5 Kc7 32. exd6+ exd6 33. Qf6 Rf8 34. Bf5
Kc8 35. Qxd6 Rd8 36. Bxd7+ Rxd7 37. Qf6 Rhd8 {W lost on time} 0-1

[Event "Addison Open G/45"]
[Site "San Francisco"]
[Date "2005.06.25"]
[Round "4"]
[White "Ossipov, Victor"]
[Black "Krubnik, Ewelina"]
[Result "1/2-1/2"]
[WhiteElo "2138"]
[BlackElo "1754"]
[PlyCount "46"]
[EventDate "2005.06.25"]
[EventType "swiss (rapid)"]
[EventRounds "5"]
[EventCountry "USA"]

1. d4 d5 2. Nc3 Nf6 3. Bg5 e6 4. e4 dxe4 5. Nxe4 Nbd7 6. Bd3 Be7 7. Bxf6 Nxf6
8. Nf3 b6 9. Nxf6+ Bxf6 10. Be4 Rb8 11. c3 Bb7 12. Qa4+ Kf8 13. Bxb7 Rxb7 14.
Qc6 Rb8 15. O-O Qd6 16. Qa4 a5 17. Rfe1 g6 18. Rad1 Kg7 19. Ne5 h5 20. Qd7 Qxd7
21. Nxd7 Rbd8 22. Ne5 Rd6 23. Nf3 Rhd8 {remainder illegible} 1/2-1/2

[Event "Addison Open G/45"]
[Site "San Francisco"]
[Date "2005.06.25"]
[Round "4"]
[White "Shankland, Sam"]
[Black "Hoo, Jonathan Soo"]
[Result "1-0"]
[WhiteElo "1959"]
[BlackElo "1715"]
[PlyCount "117"]
[EventDate "2005.06.25"]
[EventType "swiss (rapid)"]
[EventRounds "5"]
[EventCountry "USA"]

1. e4 c5 2. Nf3 d6 3. d4 Nf6 4. Nc3 cxd4 5. Nxd4 a6 6. Bc4 e6 7. O-O b5 8. Bb3
b4 9. Nce2 Bd7 10. f4 Nc6 11. Ng3 Be7 12. Be3 Rc8 13. f5 e5 14. Nde2 h6 15. a3
Ng4 16. Qd2 Nxe3 17. Qxe3 bxa3 18. Rxa3 Bg5 19. Qd3 Qb6+ 20. Kh1 Nb4 21. Qd1
Nxc2 22. Bxc2 Qxb2 23. Rxa6 Rxc2 24. Qxd6 Be7 25. Ra8+ Rc8 26. Rxc8+ Bxc8 27.
Qc6+ Bd7 28. Qa8+ Bd8 29. Qd5 Qb5 30. Nc3 Qxd5 31. Nxd5 O-O 32. f6 gxf6 33.
Nxf6+ Bxf6 34. Rxf6 Kg7 35. Nh5+ Kh7 36. Ra6 Be6 37. Ra5 f6 38. Ra6 Bc8 39.
Rxf6 Rxf6 40. Nxf6+ Kg6 41. Nd5 Be6 42. Nc3 Kg5 43. Kg1 Kf4 44. Kf2 Bb3 45. g3+
Kg4 46. Kg2 Bc2 47. h3+ Kg5 48. Kf3 h5 49. Nd5 Bd1+ 50. Ke3 h4 51. g4 Bxg4 52.
hxg4 h3 53. Kf3 h2 54. Kg2 Kxg4 55. Kxh2 Kf3 56. Nf6 Kf4 57. Kg2 Kg5 58. Nd5
Kg4 59. Kf2 1-0

[Event "Addison Open G/45"]
[Site "San Francisco"]
[Date "2005.06.25"]
[Round "4"]
[White "Starr, Albert"]
[Black "Perepelitsky, Edward"]
[Result "0-1"]
[WhiteElo "1294"]
[BlackElo "1921"]
[PlyCount "52"]
[EventDate "2005.06.25"]
[EventType "swiss (rapid)"]
[EventRounds "5"]
[EventCountry "USA"]

1. b4 d5 2. e3 e5 3. b5 Nf6 4. Bb2 Bd6 5. Nf3 Nbd7 6. Be2 O-O 7. O-O c5 8. c4
d4 9. exd4 cxd4 10. d3 Nc5 11. Nbd2 b6 12. a4 Ne6 13. g3 Nd7 14. Re1 f5 15. Bf1
Bb7 16. Bg2 Rb8 17. Nb3 Qf6 18. Ba3 Ndc5 19. Nxc5 bxc5 20. a5 e4 21. Nh4 g5 22.
dxe4 gxh4 23. f4 hxg3 24. e5 gxh2+ 25. Kxh2 Qh4+ 26. Bh3 Qf2+ 0-1

[Event "Addison Open G/45"]
[Site "San Francisco"]
[Date "2005.06.25"]
[Round "4"]
[White "Wu, Chris"]
[Black "Saguid, Vincent"]
[Result "1-0"]
[WhiteElo "1229"]
[BlackElo "1554"]
[PlyCount "62"]
[EventDate "2005.06.25"]
[EventType "swiss (rapid)"]
[EventRounds "5"]
[EventCountry "USA"]

1. e4 d6 2. d4 Nf6 3. Nc3 g6 4. Nf3 Bg7 5. Bc4 Be6 6. Bb3 Bxb3 7. axb3 O-O 8.
O-O Nbd7 9. h3 c5 10. Be3 cxd4 11. Nxd4 a6 12. Qd2 Nc5 13. f3 Ncd7 14. Bh6 Bxh6
15. Qxh6 Qb6 16. Qe3 e5 17. Nf5 gxf5 18. Qxb6 Nxb6 19. exf5 d5 20. Rfe1 Rfe8
21. Na4 Nxa4 22. bxa4 Rac8 23. c3 d4 24. cxd4 exd4 25. Rxe8+ Rxe8 26. Rd1 Rd8
27. Kf2 Nh5 28. g4 Nf4 29. Kg3 Nxh3 30. Kxh3 Kg7 31. g5 f6 {remainder illegible
} 1-0

[Event "Addison Open G/45"]
[Site "San Francisco"]
[Date "2005.06.25"]
[Round "5"]
[White "Celis, Christian"]
[Black "Nip, Nicholas"]
[Result "1-0"]
[WhiteElo "1512"]
[BlackElo "1351"]
[PlyCount "57"]
[EventDate "2005.06.25"]
[EventType "swiss (rapid)"]
[EventRounds "5"]
[EventCountry "USA"]

1. e4 e6 2. Nf3 d5 3. exd5 exd5 4. d4 Nf6 5. Nc3 Bb4 6. a3 Bxc3+ 7. bxc3 O-O 8.
Bd3 Bg4 9. O-O c6 10. h3 Bh5 11. Bf4 Nbd7 12. Rb1 b6 13. Qd2 Bxf3 14. gxf3 b5
15. Rfe1 Qb6 16. Kh2 a6 17. Rg1 g6 18. Rg2 Rfe8 19. Rbg1 Nf8 20. Be5 N6d7 21.
Qh6 Nxe5 22. dxe5 c5 23. f4 c4 24. Be2 Rad8 25. h4 d4 26. h5 dxc3 27. hxg6 fxg6
28. Bf3 Rd4 29. f5 1-0

[Event "Addison Open G/45"]
[Site "San Francisco"]
[Date "2005.06.25"]
[Round "5"]
[White "Luke, Gary"]
[Black "Ossipov, Victor"]
[Result "0-1"]
[WhiteElo "1845"]
[BlackElo "2138"]
[PlyCount "56"]
[EventDate "2005.06.25"]
[EventType "swiss (rapid)"]
[EventRounds "5"]
[EventCountry "USA"]

1. e4 e6 2. d4 d5 3. Nd2 Be7 4. Bd3 Nf6 5. e5 Nfd7 6. f4 c5 7. c3 Nc6 8. Ne2
Qb6 9. Nf3 cxd4 10. cxd4 f6 11. g3 fxe5 12. Nxe5 Ndxe5 13. fxe5 O-O 14. Rf1 Bd7
15. Qb3 Qxb3 16. axb3 Bb4+ 17. Nc3 Nxd4 18. Rxf8+ Kxf8 19. Be3 Nxb3 20. Rxa7
Rxa7 21. Bxa7 d4 22. Bxh7 dxc3 23. bxc3 Bxc3+ 24. Kd1 Bxe5 25. Kc2 Nd4+ 26. Kd3
Nc6 27. Bc5+ Kf7 28. Kc4 g6 0-1

[Event "Addison Open G/45"]
[Site "San Francisco"]
[Date "2005.06.25"]
[Round "5"]
[White "Odondoo, IM Ganbold"]
[Black "Perepelitsky, Philipp"]
[Result "1-0"]
[WhiteElo "2425"]
[BlackElo "1952"]
[PlyCount "55"]
[EventDate "2005.06.25"]
[EventType "swiss (rapid)"]
[EventRounds "5"]
[EventCountry "USA"]

1. e4 d6 2. d4 Nf6 3. Nc3 g6 4. Bg5 Bg7 5. Qd2 h6 6. Bf4 g5 7. Bg3 Nh5 8. Nge2
Nc6 9. f3 Nxg3 10. hxg3 Bd7 11. g4 e6 12. O-O-O Qe7 13. Kb1 O-O-O 14. d5 exd5
15. exd5 Ne5 16. Nd4 Kb8 17. Bb5 Bxb5 18. Ncxb5 a6 19. Nc3 Nc4 20. Qd3 Bxd4 21.
Qxd4 Ne5 22. Ne4 Rdf8 23. Ng3 Qf6 24. b3 Re8 25. Rde1 Qg6 26. Qa4 Qf6 27. Re4
Ng6 28. Rxe8+ 1-0

[Event "Addison Open G/45"]
[Site "San Francisco"]
[Date "2005.06.25"]
[Round "5"]
[White "Perepelitsky, Edward"]
[Black "Krubnik, Ewelina"]
[Result "1-0"]
[WhiteElo "1921"]
[BlackElo "1754"]
[PlyCount "37"]
[EventDate "2005.06.25"]
[EventType "swiss (rapid)"]
[EventRounds "5"]
[EventCountry "USA"]

1. d4 d5 2. c4 e6 3. Nc3 Nf6 4. Bg5 c6 5. e3 Nbd7 6. Nf3 Qa5 7. Nd2 dxc4 8.
Bxf6 Nxf6 9. Nxc4 Qc7 10. Bd3 Be7 11. O-O O-O 12. e4 Rd8 13. e5 Nd5 14. Ne4 Nf4
15. Ned6 Nxd3 16. Qxd3 b5 17. Qf3 bxc4 18. Qxf7+ Kh8 19. Ne8 1-0

[Event "Addison Open G/45"]
[Site "San Francisco"]
[Date "2005.06.25"]
[Round "5"]
[White "Saguid, Vincent"]
[Black "Starr, Albert"]
[Result "0-1"]
[WhiteElo "1554"]
[BlackElo "1294"]
[PlyCount "69"]
[EventDate "2005.06.25"]
[EventType "swiss (rapid)"]
[EventRounds "5"]
[EventCountry "USA"]

1. Nf3 Nf6 2. g3 g6 3. Bg2 Bg7 4. O-O O-O 5. d3 c6 6. Bg5 d5 7. Qc1 Qc7 8. Bh6
Nbd7 9. Bxg7 Kxg7 10. Nbd2 e5 11. h4 Nh5 12. e4 Nb6 13. exd5 Nxd5 14. Re1 f6
15. Ne4 Bg4 16. Nh2 Qd7 17. Nxg4 Qxg4 18. Qd1 Qxd1 19. Rexd1 b6 20. a3 Rac8 21.
d4 exd4 22. Rxd4 Rfd8 23. Rad1 f5 24. Ng5 Kf6 25. c4 h6 26. Nh3 Re8 27. cxd5 c5
28. R4d2 Rcd8 29. d6 Ng7 30. Bc6 Re6 31. Nf4 Re5 32. Re2 Rxe2 33. Nxe2 Ne6 34.
d7 Ke7 35. Nf4 0-1

[Event "Addison Open G/45"]
[Site "San Francisco"]
[Date "2005.06.25"]
[Round "5"]
[White "Shah, Arnav"]
[Black "Pearson, Michael"]
[Result "0-1"]
[WhiteElo "1774"]
[BlackElo "2202"]
[PlyCount "30"]
[EventDate "2005.06.25"]
[EventType "swiss (rapid)"]
[EventRounds "5"]
[EventCountry "USA"]

1. e4 d5 2. exd5 Nf6 3. c4 c6 4. dxc6 Nxc6 5. Nf3 e5 6. d3 e4 7. Qe2 Bb4+ 8.
Bd2 O-O 9. dxe4 Nxe4 10. Qd1 Re8 11. Be2 Nxd2 12. Nbxd2 Bg4 13. Kf1 Bxd2 14.
Ng1 Bxe2+ 15. Nxe2 Qd3 0-1

[Event "Addison Open G/45"]
[Site "San Francisco"]
[Date "2005.06.25"]
[Round "5"]
[White "Young, Greg"]
[Black "Parker, Harold"]
[Result "1-0"]
[WhiteElo "1687"]
[BlackElo "1569"]
[PlyCount "39"]
[EventDate "2005.06.25"]
[EventType "swiss (rapid)"]
[EventRounds "5"]
[EventCountry "USA"]

1. e4 e5 2. Nf3 Nc6 3. Bc4 Bc5 4. d3 Nf6 5. Nc3 d6 6. h3 h6 7. Be3 Bb6 8. Qd2
Na5 9. Bb3 Nxb3 10. axb3 Be6 11. O-O O-O 12. Rfe1 Kh7 13. d4 exd4 14. Bxd4 Bxd4
15. Nxd4 Bd7 16. Rad1 Re8 17. Qd3 b6 18. Qf3 Rb8 19. Nd5 Rb7 20. c3 {
remainder illegible} 1-0

[Event "Bagby Memorial G/45"]
[Site "San Francisco"]
[Date "2005.07.16"]
[Round "1"]
[White "Bessonov, Alex"]
[Black "Sathe, Rohan"]
[Result "1-0"]
[WhiteElo "2364"]
[BlackElo "1613"]
[PlyCount "39"]
[EventDate "2005.07.16"]
[EventType "swiss (rapid)"]
[EventRounds "5"]
[EventCountry "USA"]

1. e4 e5 2. Nf3 Nc6 3. Bb5 a6 4. Ba4 b5 5. Bb3 Bc5 6. O-O Nf6 7. c3 d6 8. d4
Ba7 9. h3 O-O 10. Bg5 h6 11. Bh4 Bb7 12. Re1 Re8 13. a4 b4 14. d5 bxc3 15. dxc6
cxb2 16. Ra2 Bxc6 17. Rxb2 g5 18. Nxg5 Nxe4 19. Qh5 Bxf2+ 20. Rxf2 1-0

[Event "Bagby Memorial G/45"]
[Site "San Francisco"]
[Date "2005.07.16"]
[Round "1"]
[White "Chan, John"]
[Black "Yap, Nicolas"]
[Result "0-1"]
[WhiteElo "1605"]
[BlackElo "2274"]
[PlyCount "70"]
[EventDate "2005.07.16"]
[EventType "swiss (rapid)"]
[EventRounds "5"]
[EventCountry "USA"]

1. c4 Nf6 2. Nc3 g6 3. d4 Bg7 4. e4 d6 5. Nf3 O-O 6. g3 Nbd7 7. Bg2 e5 8. d5 a5
9. a4 Nc5 10. Qc2 Ne8 11. Be3 b6 12. Bxc5 bxc5 13. O-O f5 14. Qd2 f4 15. Kh1 g5
16. Ng1 Rf6 17. Qe2 Rh6 18. g4 Nf6 19. f3 Rg6 20. Rf2 h5 21. h3 Rh6 22. gxh5
Nxh5 23. Qe1 Kf7 24. Nce2 Bd7 25. Bf1 Nf6 26. Rh2 Qe7 27. b3 Rah8 28. Ra2 g4
29. h4 g3 30. Nxg3 fxg3 31. Qxg3 Nh5 32. Qf2 Nf4 33. Nh3 Rxh4 34. Qg3 Nxh3 35.
Rag2 Kf8 0-1

[Event "Bagby Memorial G/45"]
[Site "San Francisco"]
[Date "2005.07.16"]
[Round "1"]
[White "Gomatam, Arun"]
[Black "Rudyak, Felix"]
[Result "1/2-1/2"]
[WhiteElo "1389"]
[BlackElo "1909"]
[PlyCount "84"]
[EventDate "2005.07.16"]
[EventType "swiss (rapid)"]
[EventRounds "5"]
[EventCountry "USA"]

1. d4 d5 2. c4 Nc6 3. Nf3 Bg4 4. Nc3 e6 5. e3 Nf6 6. h3 Bh5 7. Bd3 Be7 8. O-O
O-O 9. Bd2 e5 10. cxd5 Nxd5 11. Be4 Nxc3 12. Bxc3 exd4 13. exd4 Re8 14. Qd3 Bg6
15. Bxg6 hxg6 16. Qd2 Qd5 17. Rfe1 Bf6 18. Rac1 Rad8 19. Qf4 Rxe1+ 20. Rxe1
Bxd4 21. Qh4 Bxc3 22. bxc3 f6 23. Qg3 Qf7 24. Nh4 Kh7 25. Qe3 Rd7 26. Rb1 b6
27. Qe4 Ne5 28. f4 Qc4 29. Qe3 Qd3 30. Qxd3 Nxd3 31. Rd1 Nc5 32. Rxd7 Nxd7 33.
Kf2 Nc5 34. Ke3 Ne6 35. Nf3 Kg8 36. g4 Kf7 37. Ke4 Ke7 38. f5 gxf5+ 39. gxf5
Nd8 40. Nd4 c5 41. Nb5 a6 42. Nc7 Kd6 1/2-1/2

[Event "Bagby Memorial G/45"]
[Site "San Francisco"]
[Date "2005.07.16"]
[Round "1"]
[White "Mezentsev, Vladimir"]
[Black "Woebcke, Carl"]
[Result "1-0"]
[WhiteElo "2516"]
[BlackElo "1637"]
[PlyCount "71"]
[EventDate "2005.07.16"]
[EventType "swiss (rapid)"]
[EventRounds "5"]
[EventCountry "USA"]

1. e4 c5 2. Nf3 d6 3. d4 cxd4 4. Nxd4 Nf6 5. Nc3 a6 6. Be3 e5 7. Nb3 Be6 8. Be2
Nbd7 9. O-O Be7 10. a4 b6 11. f4 Nc5 12. Nxc5 bxc5 13. fxe5 dxe5 14. Qxd8+ Rxd8
15. Bxa6 O-O 16. Bg5 h6 17. Bxf6 Bxf6 18. Rfd1 Bg5 19. a5 Rb8 20. b3 Be7 {
actual move is illegible or incorrect; this is a guess} 21. Rd3 Rb4 22. Rf3 Ra8
23. Bf1 c4 24. Ra3 cxb3 25. cxb3 Bxb3 26. Na2 Bxa2 27. Rxa2 Rb1 28. a6 g6 29.
g3 Kg7 30. Kg2 Rb6 31. Bc4 Rf6 32. Rxf6 Kxf6 33. Bd5 Ra7 34. Bb7 Kg5 35. Kf3 f5
36. Rc2 {remainder illegible} 1-0

[Event "Bagby Memorial G/45"]
[Site "San Francisco"]
[Date "2005.07.16"]
[Round "1"]
[White "Nazario, Marc Christian"]
[Black "Lupton, Stephen"]
[Result "1-0"]
[WhiteElo "1812"]
[BlackElo "1375"]
[PlyCount "51"]
[EventDate "2005.07.16"]
[EventType "swiss (rapid)"]
[EventRounds "5"]
[EventCountry "USA"]

1. e4 e5 2. Bc4 Nf6 3. d3 Bc5 4. Nc3 O-O 5. f4 d6 6. Nf3 Bg4 7. f5 Nbd7 8. h3
Bxf3 9. Qxf3 c6 10. Bg5 Qb6 11. O-O-O Bd4 12. g4 Ne8 13. Be7 Nc5 14. Bxf8 Kxf8
15. h4 Nc7 16. h5 a5 17. h6 d5 18. hxg7+ Kxg7 19. f6+ Kh8 20. Qh3 Nb3+ 21. Bxb3
Be3+ 22. Kb1 h6 23. Qh5 Rf8 24. g5 Bxg5 25. Qxg5 Ne6 26. Rxh6# 1-0

[Event "Bagby Memorial G/45"]
[Site "San Francisco"]
[Date "2005.07.16"]
[Round "1"]
[White "Saguid, Vincent"]
[Black "Perepelitsky, Philipp"]
[Result "0-1"]
[WhiteElo "1554"]
[BlackElo "1952"]
[PlyCount "65"]
[EventDate "2005.07.16"]
[EventType "swiss (rapid)"]
[EventRounds "5"]
[EventCountry "USA"]

1. Nf3 d5 2. g3 Nf6 3. Bg2 Nc6 4. O-O e5 5. d3 Bc5 6. c4 d4 7. a3 a5 8. Re1 O-O
9. Nbd2 b5 10. Nf1 Bf5 11. h4 e4 12. dxe4 Nxe4 13. N1d2 Qf6 14. Nxe4 Bxe4 15.
Bf4 Rac8 16. Nd2 Bxg2 17. Kxg2 Rfe8 18. Qc2 g5 19. Ne4 Qf5 20. Nf6+ Qxf6 21.
Bd2 d3 22. Qxd3 Rcd8 23. Qc3 Qxf2+ 24. Kh1 Bd4 25. Qf3 Qxf3+ 26. exf3 Rxe1+ 27.
Rxe1 Bxb2 28. Be3 Bd4 29. Kh2 Re8 30. Bd2 Rxe1 31. Bxe1 a4 32. f4 gxf4 33. gxf4
{remainder illegible} 0-1

[Event "Bagby Memorial G/45"]
[Site "San Francisco"]
[Date "2005.07.16"]
[Round "1"]
[White "Tsai, Chris"]
[Black "Pearson, Michael"]
[Result "0-1"]
[WhiteElo "1587"]
[BlackElo "2202"]
[PlyCount "73"]
[EventDate "2005.07.16"]
[EventType "swiss (rapid)"]
[EventRounds "5"]
[EventCountry "USA"]

1. d4 Nf6 2. Nf3 g6 3. Bg5 Bg7 4. e3 O-O 5. Nbd2 d6 6. c3 Nbd7 7. Bc4 c5 8. h3
a6 9. a4 b6 10. Nh2 Bb7 11. f3 e5 12. d5 b5 13. axb5 axb5 14. Rxa8 Qxa8 15.
Bxb5 Bxd5 16. e4 Be6 17. Bxd7 Nxd7 18. c4 Nb8 19. O-O Qa6 20. Qc2 Nc6 21. Rc1
Rb8 22. b3 Qa3 23. Rb1 Nd4 24. Qd3 Qa2 25. Nhf1 f6 26. Be3 f5 27. Bf2 Rf8 28.
Ne3 Bh6 29. Kh1 Rf7 30. Qc3 Qa8 31. Ra1 Qc8 32. Nd5 Bxd2 33. Qxd2 fxe4 34. Nb6
Qb7 35. Ra8+ Kg7 36. Be3 Nf5 37. Bg5 {remainder illegible} 0-1

[Event "Bagby Memorial G/45"]
[Site "San Francisco"]
[Date "2005.07.16"]
[Round "1"]
[White "Tuvshintugs, Batchimeg"]
[Black "Cassidy, Ryan"]
[Result "1-0"]
[WhiteElo "2272"]
[BlackElo "1594"]
[PlyCount "44"]
[EventDate "2005.07.16"]
[EventType "swiss (rapid)"]
[EventRounds "5"]
[EventCountry "USA"]

1. e4 c6 2. d4 d5 3. exd5 cxd5 4. c4 Nf6 5. Nc3 e6 6. Nf3 Nc6 7. cxd5 exd5 8.
Be2 Be7 9. O-O O-O 10. Ne5 Ne4 11. Bf4 Re8 12. Nb5 Nd6 13. Rc1 Bd7 14. Nc3 Bf6
15. Nxd5 Bxe5 16. dxe5 Nf5 17. e6 Bxe6 18. Nc7 Qxd1 19. Rfxd1 Nfd4 20. Bc4 Bxc4
21. Rxc4 Ne2+ 22. Kf1 Nxf4 {remainder illegible} 1-0

[Event "Bagby Memorial G/45"]
[Site "San Francisco"]
[Date "2005.07.16"]
[Round "1"]
[White "Vayntrub, Dmitry"]
[Black "Parker, Harold"]
[Result "1-0"]
[WhiteElo "2061"]
[BlackElo "1569"]
[PlyCount "47"]
[EventDate "2005.07.16"]
[EventType "swiss (rapid)"]
[EventRounds "5"]
[EventCountry "USA"]

1. c4 e6 2. g3 d5 3. Bg2 Nf6 4. Nf3 Nbd7 5. b3 Be7 6. Bb2 c6 7. O-O O-O 8. d3
Re8 9. Nbd2 Bd6 10. Qc2 e5 11. e3 Rb8 12. Rac1 Qa5 13. a3 Nf8 14. e4 d4 15. c5
Bc7 16. b4 Qb5 17. Nc4 a5 18. a4 Qa6 19. bxa5 Ng6 20. Ba3 Bxa5 21. h4 Bg4 22.
Rb1 Re7 23. Rfc1 Bxf3 24. Bxf3 {remainder illegible} 1-0

[Event "Bagby Memorial G/45"]
[Site "San Francisco"]
[Date "2005.07.16"]
[Round "2"]
[White "Cassidy, Ryan"]
[Black "Liou, Arthur"]
[Result "0-1"]
[WhiteElo "1594"]
[BlackElo "1312"]
[PlyCount "94"]
[EventDate "2005.07.16"]
[EventType "swiss (rapid)"]
[EventRounds "5"]
[EventCountry "USA"]

1. d4 Nf6 2. c4 g6 3. Bg5 c6 4. Bxf6 exf6 5. e4 Bg7 6. Nf3 O-O 7. Bd3 Re8 8.
O-O d5 9. Nc3 dxe4 10. Bxe4 Bg4 11. h3 f5 12. hxg4 fxe4 13. Ne5 f6 14. Nxg6
hxg6 15. Re1 Qb6 16. Nxe4 Nd7 17. d5 Nc5 18. Qf3 Nxe4 19. Rxe4 Qxb2 20. Rae1
Rxe4 21. Qxe4 Qe5 22. Qb1 Qc7 23. Qxg6 cxd5 24. cxd5 Qd7 25. g5 Rf8 26. gxf6
Rxf6 27. Re8+ Rf8 28. Re5 Qf7 29. Qxf7+ Rxf7 30. Re8+ Kh7 31. d6 Rd7 32. Re7
Rxd6 33. Rxb7 Ra6 34. f4 Rxa2 35. f5 Kh6 36. g4 Bd4+ 37. Kf1 Rf2+ 38. Ke1 Rf4
39. Ke2 Rxg4 40. f6 Rf4 41. Kd3 Bb6 42. f7 Kg7 43. f8=Q+ Kxf8 44. Rh7 Rf7 45.
Rh1 Ke7 46. Ra1 Kd6 47. Ra2 Kc6 {remainder illegible} 0-1

[Event "Bagby Memorial G/45"]
[Site "San Francisco"]
[Date "2005.07.16"]
[Round "2"]
[White "Krubnik, Ewelina"]
[Black "Gallegos, Paul"]
[Result "1/2-1/2"]
[WhiteElo "1754"]
[BlackElo "2200"]
[PlyCount "40"]
[EventDate "2005.07.16"]
[EventType "swiss (rapid)"]
[EventRounds "5"]
[EventCountry "USA"]

1. d4 Nf6 2. c4 c5 3. d5 b5 4. cxb5 a6 5. bxa6 g6 6. e3 Bg7 7. Bc4 d6 8. Ne2
Bxa6 9. Bxa6 Nxa6 10. O-O O-O 11. Nbc3 Qb6 12. a3 Rfb8 13. Qc2 Nb4 14. Qd1 c4
15. e4 Nd3 16. Be3 Qxb2 17. a4 Ng4 18. Rb1 Nxe3 19. fxe3 Qa3 20. Rxb8+ Rxb8 {
remainder illegible} 1/2-1/2

[Event "Bagby Memorial G/45"]
[Site "San Francisco"]
[Date "2005.07.16"]
[Round "2"]
[White "Parker, Harold"]
[Black "Wang, Tim"]
[Result "1-0"]
[WhiteElo "1569"]
[BlackElo "1117"]
[PlyCount "75"]
[EventDate "2005.07.16"]
[EventType "swiss (rapid)"]
[EventRounds "5"]
[EventCountry "USA"]

1. e4 e5 2. Nf3 Nc6 3. Bc4 Bc5 4. O-O Nf6 5. d4 exd4 6. e5 Ng4 7. Bf4 O-O 8. h3
Nh6 9. Bxh6 gxh6 10. Qd2 Re8 11. Qxh6 Nxe5 12. Ng5 d5 13. Bd3 Be6 14. Bxh7+ Kh8
15. Bf5+ Kg8 16. Nxe6 fxe6 17. Bxe6+ Rxe6 18. Qxe6+ Nf7 19. Nd2 Qg5 20. Nf3 Qg7
21. Qxd5 Bd6 22. Qxd4 Qg6 23. Qg4 Qxg4 24. hxg4 Kg7 25. Rfe1 Kg6 26. Nd4 Ng5
27. Re2 Rh8 28. Rae1 Bh2+ 29. Kf1 Bf4 30. g3 Bd6 31. Kg2 Bc5 32. Ne6 Bd6 33.
Nxg5 Kxg5 34. f3 Kg6 35. Re6+ Kf7 36. f4 Rg8 37. Kf3 Rh8 38. f5 {
remainder illegible} 1-0